Statistiche per Formazione Italia Euro2020

Clicka qui per fare il quiz!

Statistiche generali

  • Questo quiz è stato fatto 209 volte
  • Il punteggio medio è 11 su 12

Statistiche sulle risposte

HintRisposta% Corretto
3Giorgio Chiellini
97%
MisterRoberto Mancini
97%
19Leonardo Bonucci
96%
17Ciro Immobile
94%
21Gianluigi Donnarumma
94%
10Lorenzo Insigne
92%
14Federico Chiesa
91%
4Leonardo Spinazzola
85%
8Jorginho Frello
84%
6Marco Verratti
82%
2Giovanni Di Lorenzo
76%
5Manuel Locatelli
68%

Distribuzione punteggi

Percentile per numero di risposta

Percentuale di utenti per punteggio

I tuoi punteggi nel tempo

Non hai fatto questo quiz